| 000 | 00496cam a2200217 4500 | ||
|---|---|---|---|
| 001 | D12006 | ||
| 008 | 090401t1961 xxu||||| |||| 00| 0 eng d | ||
| 035 | _a(Sirsi) u680 | ||
| 041 | _aeng | ||
| 050 | _a[336.2109411] | ||
| 100 | _aArmour, S.B. | ||
| 245 | _aArmour on valuation for rating | ||
| 250 | _a3rd | ||
| 260 |
_aEdinburgh _bW Green & Son _c1961 |
||
| 350 | _a0 | ||
| 520 | _aShelf 176 | ||
| 700 | _aMackay, J.P.H | ||
| 700 | _aClyde, J.J. | ||
| 942 | _n0 | ||
| 948 | _c04/03/1997 | ||
| 999 |
_c85581 _d85581 |
||